000 00335 a2200157 4500
001 187858
020 _a85-305-0231-0
040 _cMagnum
100 _aAzevedo, Ricardo
240 1 0 _aMeu material escolar
_lpor
245 1 0 _aMeu material escolar
300 _a48
362 0 _a2000
697 _aLITERATURA INFANTO
942 _cBK
999 _c187858
_d187858